000 00588nam a2200181Ia 4500
008 090124s9999 xx 000 0 und d
082 _b34807
100 _aराजे सुधाकर
245 _a अब्राहन लिंकन
250 _a1
260 _bओरिएंट लाँदमन्स ुलुमटेड
_c1998
300 _a64
600 _aराजे सुधाकर
630 _a अब्राहन लिंकन
700 _aराजे सुधाकर
730 _a अब्राहन लिंकन
942 _cBOOK
999 _c100733
_d100733